| 000 | 00403cam a2200169ua 4500 | ||
|---|---|---|---|
| 020 | _c1.00 | ||
| 041 |
_amal _h |
||
| 082 |
_a894.812809 _bNIT/MO |
||
| 100 | _aYati, Nitya Chaithanya . | ||
| 245 | _aMouna mandhahasam | ||
| 260 |
_aCalicut : _bThe navakerala co-oprative publishing house , _c1964. |
||
| 300 | _a60 ; . | ||
| 365 | _a1.00 | ||
| 504 | _a | ||
| 942 | _cBK | ||
| 999 |
_c4315 _d4315 |
||